Blue Archive - Students by EX skill - Statistics

General Stats
  • This quiz has been taken 65 times
  • The average score is 14 of 31
Answer Stats
Attack Type EX Skill Student % Correct
Piercing "Fires 3 shots at an enemy that each deal 666% damage to the target and enemies in a fan-shaped area behind them." Iori
93%
Explosive "Deals 591% damage to enemies in 5 circular areas." Hibiki
80%
Piercing "Deals 541% damage to enemies in a fan-shaped area. If Midori is in the same unit, also inflicts Burn, continuously dealing 93.6% damage every 4s for 20s." Momoi
80%
Mystic "Deploys _____ riding Toramaru for 55s, granting it an additional 38.5% of _____'s ATK. Only one tactical support vehicle may be deployed at any given time." Iroha
76%
Piercing "Summons a turret with 154% of _____'s ATK for 30s." Utaha
69%
Piercing "Deals 1540% damage to one enemy. Damage increases by up to 2× the higher the current HP of the target." Mika
67%
Sonic "For one ally, increase the EX Skill damage by 80.7% for 15s." Kisaki
62%
Explosive "Throws a grenade that restores the HP of allies by 192% of Healing and deals 431% damage to enemies in a circular area." Koharu
62%
Mystic "Summons a drone for 40s. While the drone is summoned, augments _____'s FormChange to deal 120% damage and increases her CriticalChance by 42% and CriticalDamage by 71%. Sacrifices 20% of _____'s Max HP (this damage will not cause _____ to retreat from combat)." Shiroko*Terror
58%
Piercing "Increases DEF by 44.9% for 30s and inflicts Provoke on enemies in a circular area around _____ for 6.2s." Tsubaki
58%
Mystic "Deploys _____ riding Tactical Ambulance 11 for 50s, granting it an additional 25.9% of _____'s HealPower. Only one tactical support vehicle may be deployed at any given time." Sena
53%
Piercing "Deals 605% damage to enemies in a circular area around _____." Cherino
49%
Piercing "Reduces the CostChange of an ally for their next EX Skill use by 50% (The amount reduced is rounded down) and increases their CriticalDamage by 32.1% for 35s." Fuuka (New Year)
49%
Explosive "Immediately reloads and increases ATK by 67.7% for 30s." Serika
44%
Mystic "Summons a firework launcher with 42.5% of _____'s MAXHP for 50s. Up to 5 firework launchers can be summoned at a time." Umika
44%
Mystic "Repositions to the selected location and gains a Shield with HP equal to 320% of Healing lasting up to 25s. Also places a flag at this location that repositions up to 3 allies and grants them a Shield with HP equal to 320% of Healing lasting up to 25s." Yuuka (Track)
44%
Piercing "Increases the CriticalDamage of one ally except self by 83.4% for 30s." Aru (Dress)
42%
Piercing "Deals 707% damage to enemies in a fan-shaped area. Removes one debuff from self." Reisa
42%
Sonic "Restores the HP of one ally by 153% of Healing." Atsuko (Swimsuit)
38%
Piercing "Immediately reloads, increases ATK by 46.6% and normal attacks will ignore delay 5 times for 30s." Pina
36%
Mystic "Deals 476% damage to enemies in 5 circular areas." Hinata
33%
Mystic "Increases ATK of self and Special students by 63.5% for 19s." Asuna (Uniform)
31%
Mystic "Deals 804% damage to one enemy and applies ConcentratedTarget to them for 30s." Izuna (Swimsuit)
31%
Mystic "Deploys cover with HP equal to a set amount plus 46.8% of _____'s Max HP and increases the HIT of allies in a circular area around it by 21.3% for 30s." Shizuko
29%
Explosive "Deal 593% damage to one enemy and decrease their Attack, Evasion, and Accuracy by 30.2% for 50s." Mina
24%
Mystic "Deals 149% damage to the targeted enemy and 503% damage to enemies in a circular area around them." Hoshino (Armed)
22%
Mystic "Gains a HealByHit_Damaged effect for 30s, restoring HP by 11.2% of Healing each time _____ takes damage from an attack. (Effect can trigger up to a maximum of 100 times and _____'s ATK is decreased by 20.2% for the effect's duration.)" Tsukuyo
20%
Mystic "Deals 625% damage to one enemy and applies ConcentratedTarget to them for 30s. Also augments SilverBullet to deal 17.9% damage as an additional hit for 30s. (This damage can trigger additional damage from the Sub Skill)" Sakurako
13%
Explosive "Increases the HIT of allies in a circular area by 47.9% for 30s." Nodoka
11%
Explosive "Deals 1045% damage to one enemy." Toki (Bunny)
11%
Explosive "Heal allies within a circular area for 111~144% of _____'s Healing." Hatsune Miku
9%
No matching quizzes found
Score Distribution
Percent of People with Each Score
Percentile by Number Answered
Your Score History
You have not taken this quiz